|
|
|
|
| LEADER |
01596nam a2200373 i 4500 |
| 001 |
EBC5704323 |
| 003 |
MiAaPQ |
| 005 |
20200520144314.0 |
| 006 |
m o d | |
| 007 |
cr cnu|||||||| |
| 008 |
190311s2018 gw o 000 0 ger d |
| 020 |
|
|
|z 9783737605908
|
| 020 |
|
|
|a 9783737605915 (e-book)
|
| 035 |
|
|
|a (MiAaPQ)EBC5704323
|
| 035 |
|
|
|a (Au-PeEL)EBL5704323
|
| 035 |
|
|
|a (OCoLC)1088324049
|
| 040 |
|
|
|a MiAaPQ
|b eng
|e rda
|e pn
|c MiAaPQ
|d MiAaPQ
|
| 043 |
|
|
|a a-ko---
|
| 050 |
|
4 |
|a DS917
|b .O3 2018
|
| 082 |
0 |
|
|a 951.9
|2 23
|
| 100 |
1 |
|
|a Oh, Jung-Lim,
|e author.
|
| 245 |
1 |
0 |
|a Pflegehorizonte alterer sudkoreanischer ArbeitsmigrantInnen :
|b Offnung und Schliessung im Kontext fruher Immigration /
|c Jung-Lim Oh.
|
| 264 |
|
1 |
|a Kassel :
|b Kassel University Press,
|c 2018.
|
| 300 |
|
|
|a 1 online resource (347 pages)
|
| 336 |
|
|
|a text
|b txt
|2 rdacontent
|
| 337 |
|
|
|a computer
|b c
|2 rdamedia
|
| 338 |
|
|
|a online resource
|b cr
|2 rdacarrier
|
| 588 |
|
|
|a Description based on print version record.
|
| 590 |
|
|
|a Electronic reproduction. Ann Arbor, MI : ProQuest, 2018. Available via World Wide Web. Access may be limited to ProQuest affiliated libraries.
|
| 651 |
|
0 |
|a Korea (South)
|x History.
|
| 655 |
|
4 |
|a Electronic books.
|
| 776 |
0 |
8 |
|i Print version:
|a Oh, Jung-Lim.
|t Pflegehorizonte alterer sudkoreanischer ArbeitsmigrantInnen : Offnung und Schliessung im Kontext fruher Immigration.
|d Kassel : Kassel University Press, 2018
|h 347 pages
|z 9783737605908
|
| 797 |
2 |
|
|a ProQuest (Firm)
|
| 856 |
4 |
0 |
|u https://ebookcentral.proquest.com/lib/matrademy/detail.action?docID=5704323
|z Click to View
|